[Event "SR 2. liga A 2018/2019"]
[Site "?"]
[Date "2019.03.02"]
[Round "8.8"]
[White "Kebis, Milos"]
[Black "Stevik, Patrik"]
[Result "1-0"]
[WhiteElo "1802"]
[BlackElo "1918"]
[PlyCount "107"]
[EventDate "2018.??.??"]
[WhiteTeam "SK Krasnany"]
[BlackTeam "SK Modra B"]

1. c4 Nf6 2. d4 g6 3. Nc3 Bg7 4. e4 d6 5. Nf3 O-O 6. Be2 e5 7. Be3 Nc6 8. h3
Nh5 9. d5 Ne7 10. Qd2 f5 11. exf5 gxf5 12. Bg5 Qe8 13. Nb5 Qd7 14. Nxe5 dxe5
15. Bxh5 Ng6 16. O-O a6 17. Nc3 f4 18. Bxg6 hxg6 19. f3 Rf5 20. Ne4 b6 21. Rad1
Bb7 22. h4 Re8 23. c5 bxc5 24. Nxc5 Qb5 25. b4 Bf8 26. Rc1 a5 27. a3 Ra8 28.
Rfd1 Bd6 29. Kh2 Kf7 30. Ne4 Qb6 31. Qc3 Rc8 32. bxa5 Qa7 33. Rb1 Ba6 34. Qc6
Kg8 35. Qd7 Rcf8 36. Nxd6 Qf2 37. Ne4 Qe3 38. Qe6+ Kg7 39. Re1 Qd3 40. Rbc1 Bc4
41. Qc6 Bxd5 42. Qxc7+ R8f7 43. Qc3 Qa6 44. Nc5 Qd6 45. Nd3 Kg8 46. Rxe5 Be6
47. Rxf5 Rxf5 48. Nc5 Bd5 49. Qd4 Qf8 50. Nd7 Qa8 51. Nf6+ Kf7 52. Rc7+ Ke6 53.
Qb6+ Ke5 54. Re7+ 1-0

[Event "SR 2. liga A 2018/2019"]
[Site "?"]
[Date "2019.03.02"]
[Round "8.1"]
[White "Michal, Silvio"]
[Black "Sahidi, Samir"]
[Result "0-1"]
[WhiteElo "2092"]
[BlackElo "2366"]
[Annotator "Doe,John"]
[PlyCount "86"]
[EventDate "2018.??.??"]
[WhiteTeam "KS Pezinok"]
[BlackTeam "SK Doprastav"]

1. Nf3 d5 2. d4 Nf6 3. c4 c6 4. cxd5 cxd5 5. Nc3 Nc6 6. Bf4 e6 7. a3 Bd6 8.
Bxd6 Qxd6 9. e3 O-O 10. Bd3 Bd7 11. Rc1 Rfc8 12. O-O h6 13. b4 Ne7 14. Qb3 {=}
Rc7 15. Ne2 Rac8 16. Rxc7 Qxc7 17. h3 Ne4 18. Bxe4 dxe4 19. Ne5 f6 20. Nxd7
Qxd7 21. Qb1 f5 22. Rc1 Nd5 23. Rxc8+ Qxc8 24. Qc1 Qxc1+ 25. Nxc1 Kf7 26. Nb3
b6 27. Nd2 g5 28. Nc4 Kf6 29. f3 Nc3 30. Kf2 b5 31. Nd2 exf3 32. gxf3 e5 33.
dxe5+ Kxe5 34. h4 gxh4 35. f4+ Kd5 36. Nf3 Ke4 37. Nd2+ Kd3 38. Nb3 Nd1+ 39.
Kf3 Nxe3 40. Nc5+ Kd2 41. a4 bxa4 42. Nxa4 Nd5 43. b5 Kd3 0-1

[Event "SR 2. liga A 2018/2019"]
[Site "?"]
[Date "2019.03.02"]
[Round "8.2"]
[White "Schwarz, Dusan"]
[Black "Klemanic, Emil"]
[Result "1-0"]
[WhiteElo "2331"]
[BlackElo "2122"]
[PlyCount "59"]
[EventDate "2018.??.??"]
[WhiteTeam "SK Doprastav"]
[BlackTeam "KS Pezinok"]

1. d4 Nf6 2. c4 g6 3. Nc3 Bg7 4. e4 d6 5. f3 O-O 6. Nge2 b6 7. Bg5 c5 8. d5 a6
9. Qd2 Ra7 10. Ng3 Rb7 11. a4 a5 12. Be2 Na6 13. O-O Nb4 14. f4 h6 15. Bh4 Nh7
16. Nh1 Qe8 17. Nf2 f5 18. Rae1 Qf7 19. Kh1 Kh8 20. Nfd1 e5 21. Nb5 Rd7 22.
exf5 gxf5 23. Ne3 Qg6 24. Qd1 Bf6 25. Bh5 Qg8 26. Nxf5 Bxh4 27. Nxh4 Rg7 28. f5
Nf6 29. Ng6+ Kh7 30. Nxd6 1-0

[Event "SR 2. liga A 2018/2019"]
[Site "?"]
[Date "2019.03.02"]
[Round "8.3"]
[White "Gazi, Mikulas"]
[Black "Polacik, Igor"]
[Result "0-1"]
[WhiteElo "2015"]
[BlackElo "2181"]
[PlyCount "41"]
[EventDate "2018.??.??"]
[WhiteTeam "KS Pezinok"]
[BlackTeam "SK Doprastav"]

1. e4 c5 2. Nf3 g6 3. d4 cxd4 4. Nxd4 Bg7 5. Nc3 Nc6 6. Be3 Nf6 7. Bc4 O-O 8.
Qd2 Ng4 9. Nxc6 dxc6 10. O-O-O Qxd2+ 11. Rxd2 Nxe3 12. fxe3 b5 13. Bb3 a5 14.
a4 b4 15. Ne2 Bh6 16. Rd3 Ba6 17. Rd7 Bxe2 18. Kd2 Bg4 19. Rxe7 Rad8+ 20. Ke1
Rd1+ 21. Kf2 0-1

[Event "SR 2. liga A 2018/2019"]
[Site "?"]
[Date "2019.03.02"]
[Round "8.4"]
[White "Petrik, Karol"]
[Black "Kosnac, Patrik"]
[Result "1-0"]
[WhiteElo "2126"]
[BlackElo "1937"]
[PlyCount "33"]
[EventDate "2018.??.??"]
[WhiteTeam "SK Doprastav"]
[BlackTeam "KS Pezinok"]

1. e4 e6 2. d4 d5 3. Nd2 dxe4 4. Nxe4 Nf6 5. Bd3 Nbd7 6. Nf3 Be7 7. O-O Nxe4 8.
Bxe4 Nf6 9. Bd3 O-O 10. c3 b6 11. Qe2 Bb7 12. Bf4 Rc8 13. Ba6 Qd5 14. Rfe1 Bd6
15. Be5 Nh5 16. Bc4 Qc6 17. Bb5 1-0

[Event "SR 2. liga A 2018/2019"]
[Site "?"]
[Date "2019.03.02"]
[Round "8.5"]
[White "Badura, Peter"]
[Black "Orosi, Peter"]
[Result "0-1"]
[WhiteElo "1868"]
[BlackElo "2087"]
[PlyCount "80"]
[EventDate "2018.??.??"]
[WhiteTeam "KS Pezinok"]
[BlackTeam "SK Doprastav"]

1. e4 c5 2. Nf3 g6 3. c3 Bg7 4. d4 cxd4 5. cxd4 d5 6. e5 Nc6 7. Bb5 Bg4 8. h3
Bxf3 9. Qxf3 e6 10. Nc3 Nh6 11. g4 O-O 12. Bxc6 bxc6 13. Bf4 f6 14. Qg3 g5 15.
Bd2 fxe5 16. dxe5 Nf7 17. f4 d4 18. Ne2 gxf4 19. Bxf4 Qa5+ 20. Bd2 Qb6 21. Bf4
d3 22. Qxd3 Nxe5 23. Qe4 Rad8 24. Rd1 Rxd1+ 25. Kxd1 Rd8+ 26. Kc2 Nc4 27. Rb1
Nxb2 28. Qxe6+ Kh8 29. Be3 Qa6 30. Nd4 Qd3+ 31. Kc1 Nc4 32. Rb3 Qf1+ 33. Kc2
Nxe3+ 34. Rxe3 Bxd4 35. Rd3 c5 36. g5 Qg2+ 37. Rd2 Qxg5 38. Re2 Qg6+ 39. Kb3
Qd3+ 40. Ka4 Rb8 0-1

[Event "SR 2. liga A 2018/2019"]
[Site "?"]
[Date "2019.03.02"]
[Round "8.6"]
[White "Macka, Oto"]
[Black "Moravcik, Denis"]
[Result "1-0"]
[WhiteElo "2066"]
[BlackElo "1716"]
[PlyCount "47"]
[EventDate "2018.??.??"]
[WhiteTeam "SK Doprastav"]
[BlackTeam "KS Pezinok"]

1. d4 d5 2. c4 e6 3. Nc3 Nf6 4. cxd5 exd5 5. Bg5 c6 6. e3 Bb4 7. Bd3 O-O 8.
Nge2 Be6 9. O-O Nbd7 10. Qc2 h6 11. Bh4 Qc7 12. Rad1 a6 13. f3 Bd6 14. Bg3 Nh5
15. Bxd6 Qxd6 16. e4 Nf4 17. e5 Nxe2+ 18. Qxe2 Qe7 19. f4 f6 20. f5 fxe5 21.
fxe6 Qxe6 22. dxe5 Nxe5 23. Bb1 Qd6 24. Rxf8+ 1-0

[Event "SR 2. liga A 2018/2019"]
[Site "?"]
[Date "2019.03.02"]
[Round "8.7"]
[White "Scepan, Juraj"]
[Black "Bednar, Jan"]
[Result "0-1"]
[WhiteElo "1741"]
[BlackElo "2062"]
[PlyCount "106"]
[EventDate "2018.??.??"]
[WhiteTeam "KS Pezinok"]
[BlackTeam "SK Doprastav"]

1. e4 c5 2. Nf3 d6 3. d4 cxd4 4. Nxd4 Nf6 5. Nc3 g6 6. Be2 Bg7 7. O-O O-O 8.
Be3 Nc6 9. Bf3 Bd7 10. h3 Ne5 11. Be2 Rc8 12. f4 Nc4 13. Bxc4 Rxc4 14. Qd3 Rc5
15. Ndb5 Nxe4 16. Bxc5 Nxc5 17. Qe3 Qb6 18. a4 Nxa4 19. Qxb6 Nxb6 20. Rxa7 Bc6
21. Rd1 Nc4 22. b3 Ne3 23. Rd2 Rc8 24. g4 Nxc2 25. Nd5 Bxd5 26. Rxd5 Nb4 27.
Rd1 Rb8 28. Kg2 Kf8 29. Nc7 Nc6 30. Ra8 Rxa8 31. Nxa8 Ke8 32. Nb6 Bd4 33. Nd5
e6 34. Nc7+ Kd7 35. Nb5 Bc5 36. Nc3 d5 37. Ne4 Be7 38. g5 Na5 39. Nd2 Bb4 40.
Kf3 Nc6 41. Nf1 Bc5 42. Rd3 Nd4+ 43. Kg4 Nf5 44. Nd2 Be7 45. Nf3 h5+ 46. gxh6
Nxh6+ 47. Kg3 Nf5+ 48. Kg4 f6 49. h4 Bd6 50. Nd4 Nh6+ 51. Kf3 e5 52. fxe5 fxe5
53. Ke3 Bc5 0-1

[Event "SR 2. liga A 2018/2019"]
[Site "?"]
[Date "2019.03.03"]
[Round "9.1"]
[White "Lanc, Alois"]
[Black "Jablonicky, Martin"]
[Result "0-1"]
[WhiteElo "2278"]
[BlackElo "2308"]
[PlyCount "56"]
[EventDate "2018.??.??"]
[WhiteTeam "Lokomotiva Trnava"]
[BlackTeam "SK Osuske B"]

1. d4 Nf6 2. Nc3 d5 3. Bf4 g6 4. e3 Bg7 5. h3 O-O 6. Nf3 c5 7. Be2 Nc6 8. Ne5
cxd4 9. exd4 e6 10. Qd2 Bd7 11. h4 h5 12. O-O-O a6 13. Bg5 Qc7 14. Nxc6 Bxc6
15. g4 hxg4 16. h5 gxh5 17. Bxf6 Bxf6 18. Rxh5 Rfc8 19. Bxg4 Kf8 20. Rh7 Qd6
21. Re1 Bd7 22. Ne2 Rc4 23. Qh6+ Ke7 24. Kb1 Rg8 25. Bh5 Be8 26. Nf4 Rxd4 27.
Bxf7 Bxf7 28. Nh5 Qe5 0-1

[Event "SR 2. liga A 2018/2019"]
[Site "?"]
[Date "2019.03.03"]
[Round "9.2"]
[White "Spacek, Oliver"]
[Black "Kavon, Rastislav"]
[Result "1-0"]
[WhiteElo "2194"]
[BlackElo "2184"]
[PlyCount "91"]
[EventDate "2018.??.??"]
[WhiteTeam "SK Osuske B"]
[BlackTeam "Lokomotiva Trnava"]

1. Nf3 Nf6 2. d4 g6 3. c4 Bg7 4. Nc3 O-O 5. e4 d6 6. h3 e5 7. d5 a5 8. Bg5 Na6
9. Bd3 c6 10. Qd2 Qc7 11. g4 Nb4 12. Be2 cxd5 13. cxd5 Bd7 14. Rd1 Na6 15. Nh2
Nc5 16. f3 Rfb8 17. Bh6 b5 18. h4 b4 19. Nb1 Bh8 20. Nf1 a4 21. Qe3 Bb5 22. Rh2
Bg7 23. Bxg7 Kxg7 24. h5 Ng8 25. Ng3 Qd8 26. Bxb5 Rxb5 27. Nd2 b3 28. a3 Nb7
29. g5 Rc5 30. f4 exf4 31. Qxf4 Qe7 32. Nf3 Na5 33. Re2 Nc4 34. Nd4 Qc7 35. h6+
Kh8 36. Nc6 Ne5 37. Red2 Re8 38. Ne2 Nc4 39. Rd4 Nxb2 40. Rc1 Rc2 41. Rxc2 bxc2
42. Qd2 Nd1 43. Qxc2 Ne3 44. Qc3 Ng4 45. Rc4+ f6 46. Ne5 1-0

[Event "SR 2. liga A 2018/2019"]
[Site "?"]
[Date "2019.03.03"]
[Round "9.3"]
[White "Nicolini, Alexander"]
[Black "Jozefek, Michal"]
[Result "0-1"]
[WhiteElo "2166"]
[BlackElo "2180"]
[PlyCount "68"]
[EventDate "2018.??.??"]
[WhiteTeam "Lokomotiva Trnava"]
[BlackTeam "SK Osuske B"]

1. e4 c5 2. Nc3 Nc6 3. f4 g6 4. Nf3 Bg7 5. g3 d6 6. Bg2 e6 7. O-O Nge7 8. h3
O-O 9. Ne2 b5 10. Kh2 Qb6 11. d3 a5 12. g4 f5 13. Ng3 a4 14. Rb1 Ra7 15. Bd2 b4
16. Re1 Nd4 17. c3 Nxf3+ 18. Bxf3 a3 19. gxf5 exf5 20. Qb3+ Kh8 21. Bg2 fxe4
22. dxe4 axb2 23. Rxb2 Qc7 24. cxb4 c4 25. Qc2 c3 26. Rb3 cxd2 27. Qxd2 Be6 28.
Rc1 Qb8 29. Rbb1 Rxa2 30. Qe3 Qa7 31. Qxa7 Rxa7 32. b5 Rxf4 33. b6 Rb7 34. Ne2
Rf8 0-1

[Event "SR 2. liga A 2018/2019"]
[Site "?"]
[Date "2019.03.03"]
[Round "9.4"]
[White "Gzib, David"]
[Black "Arendas, Marek"]
[Result "0-1"]
[WhiteElo "2073"]
[BlackElo "2121"]
[PlyCount "68"]
[EventDate "2018.??.??"]
[WhiteTeam "SK Osuske B"]
[BlackTeam "Lokomotiva Trnava"]

1. e4 c5 2. Nf3 e6 3. d4 cxd4 4. Nxd4 Nf6 5. Nc3 d6 6. Be2 Be7 7. Be3 a6 8. h3
Qc7 9. Qd2 b5 10. a3 Bb7 11. Bf3 Nbd7 12. Nb3 Ne5 13. O-O-O Rc8 14. Bf4 Nc4 15.
Qd3 Nd7 16. Nd2 Nde5 17. Bxe5 Nxe5 18. Qd4 Bf6 19. Qe3 Nxf3 20. Nxf3 Bxc3 21.
Qxc3 Qxc3 22. bxc3 Ke7 23. e5 Bxf3 24. exd6+ Kd7 25. gxf3 Rxc3 26. Rhg1 g6 27.
a4 Rhc8 28. axb5 Rxc2+ 29. Kb1 axb5 30. Rg4 R8c4 31. Rg5 Rc5 32. Rg4 R2c4 33.
Rg3 Rd5 34. Re1 Kxd6 0-1

[Event "SR 2. liga A 2018/2019"]
[Site "?"]
[Date "2019.03.03"]
[Round "9.5"]
[White "Veselsky, Jozef"]
[Black "Ocko, Martin"]
[Result "0-1"]
[WhiteElo "2169"]
[BlackElo "2005"]
[PlyCount "146"]
[EventDate "2018.??.??"]
[WhiteTeam "Lokomotiva Trnava"]
[BlackTeam "SK Osuske B"]

1. d4 Nf6 2. Nf3 d5 3. c4 e6 4. Nc3 c5 5. Bg5 cxd4 6. Nxd4 Be7 7. e3 O-O 8. Be2
Nc6 9. O-O Ne4 10. Nxc6 bxc6 11. Bxe7 Qxe7 12. Nxe4 dxe4 13. Qc2 f5 14. Rad1
Bb7 15. c5 Rfd8 16. Bc4 Kf7 17. f3 Rxd1 18. Rxd1 Rd8 19. Rxd8 Qxd8 20. fxe4 Qh4
21. g3 Qxe4 22. Qxe4 fxe4 23. b4 Kf6 24. a4 a6 25. Kf2 Bc8 26. Ke1 Kf5 27. Be2
Ke5 28. Kd2 Kd5 29. Kc3 Bb7 30. Bc4+ Ke5 31. Bb3 Kf5 32. Bc2 Ke5 33. Kc4 g6 34.
b5 a5 35. Bb3 h6 36. Kc3 Ba8 37. Bc4 Bb7 38. bxc6 Bxc6 39. Bb5 Bd5 40. Be8 g5
41. g4 Ba2 42. c6 Kd6 43. Kd4 e5+ 44. Kxe4 Bb1+ 45. Kf3 Bd3 46. Bd7 Bc2 47. Be8
Bd3 48. h3 Kc7 49. Bd7 e4+ 50. Kf2 Bc2 51. Bf5 Kxc6 52. Ke2 Kd5 53. Bd7 Bd3+
54. Kd2 Bf1 55. Kc3 Bxh3 56. Bc8 Bf1 57. Bb7+ Ke5 58. Bc6 Be2 59. Bd7 h5 60.
gxh5 Bxh5 61. Kd2 Kd5 62. Ke1 Kc4 63. Kf2 Bf3 64. Bb5+ Kb4 65. Bc6 Kc3 66. Bb5
Bd1 67. Ke1 Bc2 68. Bc6 g4 69. Kf2 Kd2 70. Bb5 g3+ 71. Kxg3 Kxe3 72. Kg2 Kd2
73. Kf2 Bd3 0-1

[Event "SR 2. liga A 2018/2019"]
[Site "?"]
[Date "2019.03.03"]
[Round "9.6"]
[White "Diviak, Rastislav"]
[Black "Puchart, Vladimir"]
[Result "1/2-1/2"]
[WhiteElo "1991"]
[BlackElo "2018"]
[PlyCount "27"]
[EventDate "2018.??.??"]
[WhiteTeam "SK Osuske B"]
[BlackTeam "Lokomotiva Trnava"]

1. e4 c5 2. Nf3 d6 3. d4 cxd4 4. Nxd4 Nf6 5. Nc3 a6 6. Be2 e5 7. Nb3 Be7 8. O-O
O-O 9. f4 Qc7 10. Qe1 b5 11. a3 Bb7 12. Bd3 Nbd7 13. Qg3 Kh8 14. Be3 1/2-1/2

[Event "SR 2. liga A 2018/2019"]
[Site "?"]
[Date "2019.03.03"]
[Round "9.7"]
[White "Mosny, Jaroslav"]
[Black "Ulehla, Jakub"]
[Result "1/2-1/2"]
[WhiteElo "1883"]
[BlackElo "1724"]
[PlyCount "50"]
[EventDate "2018.??.??"]
[WhiteTeam "Lokomotiva Trnava"]
[BlackTeam "SK Osuske B"]

1. d4 d5 2. Nf3 Bf5 3. c4 c6 4. Nc3 e6 5. e3 Nf6 6. Bd3 Bxd3 7. Qxd3 Be7 8. O-O
O-O 9. Re1 Nbd7 10. e4 dxe4 11. Nxe4 Nxe4 12. Qxe4 Nf6 13. Qc2 c5 14. Be3 Rc8
15. Qe2 cxd4 16. Bxd4 Qc7 17. b3 Nd7 18. Rad1 Bf6 19. Bxf6 Nxf6 20. Qe5 Qxe5
21. Nxe5 Rfd8 22. f3 Kf8 23. Kf2 Ke7 24. Ke3 Nd7 25. Nxd7 Rxd7 1/2-1/2

[Event "SR 2. liga A 2018/2019"]
[Site "?"]
[Date "2019.03.03"]
[Round "9.8"]
[White "Celustkova, Lubica"]
[Black "Babirat, Michal"]
[Result "1/2-1/2"]
[WhiteElo "1690"]
[BlackElo "1880"]
[PlyCount "81"]
[EventDate "2018.??.??"]
[WhiteTeam "SK Osuske B"]
[BlackTeam "Lokomotiva Trnava"]

1. e4 c5 2. Nf3 Nc6 3. d4 cxd4 4. Nxd4 Nf6 5. Nc3 g6 6. Be2 Bg7 7. Be3 O-O 8.
Qd2 d5 9. exd5 Nxd5 10. Nxc6 bxc6 11. Bd4 e5 12. Bc5 Re8 13. O-O f5 14. Bc4 Be6
15. Rad1 Qc7 16. h4 h5 17. f3 Kh7 18. Bb3 Rad8 19. Qf2 Nxc3 20. bxc3 Bxb3 21.
cxb3 Bf8 22. Bxf8 Rxf8 23. Qe2 Qb6+ 24. Kh1 Qc5 25. Rxd8 Rxd8 26. Re1 Re8 27.
Qd2 e4 28. Re3 Qd5 29. Qf2 Re7 30. c4 Qd4 31. g3 Rd7 32. Qe2 Qa1+ 33. Kh2 Rd1
34. Qg2 Qc1 35. Qf2 Rd2 36. Re2 Rxe2 37. Qxe2 e3 38. Kg2 a5 39. f4 a4 40. bxa4
Qa3 41. Kf3 1/2-1/2

[Event "SR 2. liga A 2018/2019"]
[Site "?"]
[Date "2019.03.03"]
[Round "9.1"]
[White "Farkas, Gabor"]
[Black "Danada, Tomas"]
[Result "1/2-1/2"]
[WhiteElo "2361"]
[BlackElo "2221"]
[PlyCount "97"]
[EventDate "2018.??.??"]
[WhiteTeam "SK Senec"]
[BlackTeam "SK Nafta Gbely"]

1. d4 Nf6 2. c4 e6 3. Nf3 d5 4. g3 Bb4+ 5. Bd2 Bd6 6. Bg2 O-O 7. O-O c6 8. Nc3
Nbd7 9. Qc2 dxc4 10. Bg5 h6 11. Bxf6 Nxf6 12. Nd2 Bc7 13. e3 e5 14. dxe5 Bxe5
15. Nxc4 Qe7 16. Nxe5 Qxe5 17. Qb3 Qe7 18. Rfd1 Bg4 19. Rd4 Rad8 20. Qa4 Rxd4
21. Qxd4 a6 22. h3 Rd8 23. Qa4 Be6 24. Qc2 Nd5 25. Na4 Nb4 26. Qc5 Qxc5 27.
Nxc5 Bxa2 28. Nxb7 Rd2 29. Bxc6 Rxb2 30. Be4 g6 31. Nc5 Kg7 32. h4 f5 33. Na4
Rb3 34. Bc2 Nxc2 35. Rxa2 Rb1+ 36. Kh2 Ra1 37. Rxc2 Rxa4 38. Rc6 h5 39. Kg2 Kf7
40. Kf3 Kg7 41. Rc2 Re4 42. Ke2 Re6 43. Rc7+ Kf6 44. Ra7 Rd6 45. Kf3 Ke5 46.
Ra8 Re6 47. Ke2 Rd6 48. Kf3 Re6 49. Ke2 1/2-1/2

[Event "SR 2. liga A 2018/2019"]
[Site "?"]
[Date "2019.03.03"]
[Round "9.2"]
[White "Matejovic, Juraj"]
[Black "Balogh, Peter"]
[Result "1/2-1/2"]
[WhiteElo "2235"]
[BlackElo "2266"]
[PlyCount "31"]
[EventDate "2018.??.??"]
[WhiteTeam "SK Nafta Gbely"]
[BlackTeam "SK Senec"]

1. e4 e6 2. d4 d5 3. Nd2 c5 4. exd5 Qxd5 5. dxc5 Bxc5 6. Ngf3 Nf6 7. Bd3 Nbd7
8. Qe2 b6 9. O-O Bb7 10. Re1 O-O 11. Ne4 Nxe4 12. Bxe4 Qxe4 13. Qxe4 Bxe4 14.
Rxe4 Nf6 15. Re2 Rfd8 16. Bg5 1/2-1/2

[Event "SR 2. liga A 2018/2019"]
[Site "?"]
[Date "2019.03.03"]
[Round "9.3"]
[White "Pusec, Pavel"]
[Black "Lintner, Igor"]
[Result "1-0"]
[WhiteElo "1928"]
[BlackElo "2199"]
[PlyCount "77"]
[EventDate "2018.??.??"]
[WhiteTeam "SK Senec"]
[BlackTeam "SK Nafta Gbely"]

1. c4 b6 2. Nc3 Bb7 3. e4 c5 4. d3 e6 5. f4 a6 6. Nf3 d6 7. Be2 Be7 8. O-O Nf6
9. h3 h5 10. Ng5 Nbd7 11. Bf3 b5 12. cxb5 axb5 13. Nxb5 e5 14. Qb3 O-O 15. Nxd6
Bxd6 16. Qxb7 exf4 17. Qb3 Qa5 18. h4 Be5 19. Qd1 Rab8 20. Bxh5 g6 21. Be2 Bd4+
22. Kh1 Kg7 23. Bxf4 Rxb2 24. Nf3 Rh8 25. g3 Bc3 26. Rc1 Nh5 27. Ng5 Be5 28.
Bxh5 Rxh5 29. Rc2 Rb7 30. Nxf7 Bf6 31. Nd6 Rb8 32. Nf5+ Rxf5 33. exf5 Rh8 34.
fxg6 Nf8 35. Qf3 Qa6 36. Rxc5 Nxg6 37. Bg5 Bxg5 38. Qf7+ Kh6 39. hxg5+ 1-0

[Event "SR 2. liga A 2018/2019"]
[Site "?"]
[Date "2019.03.03"]
[Round "9.4"]
[White "Sosovicka, Juraj"]
[Black "Pozsar, Peter"]
[Result "1-0"]
[WhiteElo "2135"]
[BlackElo "1859"]
[PlyCount "71"]
[EventDate "2018.??.??"]
[WhiteTeam "SK Nafta Gbely"]
[BlackTeam "SK Senec"]

1. d4 d5 2. c4 c6 3. Nf3 e6 4. e3 f5 5. Bd3 Nf6 6. O-O Be7 7. b3 O-O 8. Ba3
Nbd7 9. Bxe7 Qxe7 10. Nc3 Ne4 11. Ne2 b6 12. Rc1 Ba6 13. cxd5 Bxd3 14. Qxd3
cxd5 15. Qa6 Nb8 16. Qa4 Qd7 17. Qxd7 Nxd7 18. Nf4 Rfe8 19. Rc7 Re7 20. Ne5 g5
21. Nxe6 Rxe6 22. Nxd7 a5 23. Rfc1 Rd8 24. Ne5 a4 25. Rb7 axb3 26. axb3 Nc5 27.
dxc5 bxc5 28. Nf7 Rde8 29. Nxg5 Rg6 30. Nf3 Rc8 31. g3 Ra6 32. Rb5 Rac6 33. Ne5
R6c7 34. Rc3 Kg7 35. Nd3 c4 36. bxc4 1-0

[Event "SR 2. liga A 2018/2019"]
[Site "?"]
[Date "2019.03.03"]
[Round "9.5"]
[White "Ujhelyi, Matus"]
[Black "Pribila, Gerhard"]
[Result "1/2-1/2"]
[WhiteElo "1904"]
[BlackElo "2125"]
[PlyCount "71"]
[EventDate "2018.??.??"]
[WhiteTeam "SK Senec"]
[BlackTeam "SK Nafta Gbely"]

1. d4 d5 2. c4 e6 3. Nc3 c6 4. cxd5 exd5 5. Nf3 Be7 6. Bf4 Nf6 7. e3 Bf5 8. Bd3
Bxd3 9. Qxd3 Nbd7 10. h3 O-O 11. O-O Re8 12. Rfc1 Nf8 13. Rab1 Ng6 14. Bh2 Bd6
15. Bxd6 Qxd6 16. b4 a6 17. Qc2 Ne4 18. a4 Qd7 19. Qb3 Qe7 20. b5 axb5 21. axb5
Nd6 22. bxc6 bxc6 23. Na4 Nc4 24. Nc5 Nh4 25. Nxh4 Qxh4 26. Ra1 Rab8 27. Qa4
Rb2 28. Rc2 Rb5 29. Qa6 Qf6 30. Rac1 Qd6 31. Ra2 h6 32. Qa7 Reb8 33. Nd7 R5b7
34. Qxb7 Rxb7 35. Ra8+ Kh7 36. Nf8+ 1/2-1/2

[Event "SR 2. liga A 2018/2019"]
[Site "?"]
[Date "2019.03.03"]
[Round "9.6"]
[White "Brunovsky, Peter"]
[Black "Cibik, Jan"]
[Result "0-1"]
[WhiteElo "1891"]
[BlackElo "1883"]
[PlyCount "66"]
[EventDate "2018.??.??"]
[WhiteTeam "SK Nafta Gbely"]
[BlackTeam "SK Senec"]

1. d4 Nf6 2. Nf3 e6 3. Bf4 d5 4. e3 c5 5. c3 Bd6 6. Bxd6 Qxd6 7. Nbd2 b6 8. Bd3
O-O 9. O-O Ba6 10. Bxa6 Nxa6 11. Ne5 Ne4 12. Nxe4 dxe4 13. Nc4 Qd5 14. Qe2 Nc7
15. Rfd1 Rfd8 16. a4 Qg5 17. Nd2 Qf5 18. Nf1 cxd4 19. exd4 Qg6 20. Nd2 f5 21.
Nc4 Nd5 22. Ne5 Nf4 23. Qf1 Qh5 24. Kh1 Rf8 25. g3 Nh3 26. Re1 Ng5 27. Qg2 Rf6
28. Kg1 f4 29. g4 Qh4 30. Rxe4 f3 31. Nxf3 Rxf3 32. Rxe6 Raf8 33. Rae1 Rxf2 0-1

[Event "SR 2. liga A 2018/2019"]
[Site "?"]
[Date "2019.03.03"]
[Round "9.7"]
[White "Halasz, Adam"]
[Black "Kubis, Ivan"]
[Result "1-0"]
[WhiteElo "1765"]
[BlackElo "1863"]
[PlyCount "61"]
[EventDate "2018.??.??"]
[WhiteTeam "SK Senec"]
[BlackTeam "SK Nafta Gbely"]

1. e4 e5 2. Nf3 Nc6 3. d4 exd4 4. Nxd4 Nf6 5. Nxc6 bxc6 6. Bd3 d5 7. Qe2 dxe4
8. Bxe4 Nxe4 9. Qxe4+ Qe7 10. Qxe7+ Bxe7 11. Bf4 Bf6 12. c3 Rb8 13. b3 Ba6 14.
Bxc7 Rb7 15. Bf4 O-O 16. Kd2 Rd7+ 17. Kc2 Re8 18. Be3 Bd3+ 19. Kb2 Be4 20. Rg1
Bg6 21. Na3 Rd3 22. Rac1 Red8 23. Nc4 h6 24. Bxa7 Bg5 25. Be3 Bf6 26. a4 Be4
27. a5 g5 28. a6 Bg7 29. a7 f5 30. Nb6 c5 31. Bxc5 1-0

[Event "SR 2. liga A 2018/2019"]
[Site "?"]
[Date "2019.03.03"]
[Round "9.8"]
[White "Zajicek, Ferdinand"]
[Black "Lacko, Anton"]
[Result "0-1"]
[WhiteElo "1706"]
[BlackElo "1839"]
[PlyCount "100"]
[EventDate "2018.??.??"]
[WhiteTeam "SK Nafta Gbely"]
[BlackTeam "SK Senec"]

1. e4 c5 2. Nf3 d6 3. d4 cxd4 4. Nxd4 Nf6 5. Nc3 a6 6. Be3 e6 7. Bd3 Be7 8. Qd2
Ng4 9. h3 Nxe3 10. Qxe3 Nc6 11. Nf3 Qc7 12. a3 Bd7 13. O-O O-O 14. Ne2 Ne5 15.
Kh1 Nc4 16. Bxc4 Qxc4 17. Qd3 Qxd3 18. cxd3 Bb5 19. Rfd1 Bf6 20. Nc3 Bc6 21.
Rac1 Rac8 22. Rd2 Ba4 23. d4 Bb3 24. e5 Be7 25. Re1 d5 26. Rc1 Rc7 27. Ne2 Rfc8
28. Rxc7 Rxc7 29. Nc3 Bxa3 30. Nxd5 Bxd5 31. bxa3 Rc3 32. Ne1 Rxa3 33. Nd3 g6
34. Nb4 Ra5 35. Rc2 Rb5 36. Nd3 Kg7 37. f4 Be4 38. Rd2 Bxd3 39. Rxd3 a5 40. Kg1
a4 41. Kf1 Rb3 42. Ke2 Rxd3 43. Kxd3 Kf8 44. Kc4 Ke7 45. g4 Kd7 46. h4 h5 47.
gxh5 gxh5 48. Kb4 b5 49. Ka3 Kc6 50. Kb4 Kd5 0-1

[Event "SR 2. liga A 2018/2019"]
[Site "?"]
[Date "2019.03.03"]
[Round "9.1"]
[White "Abel, Peter"]
[Black "Kostolansky, Sebastian"]
[Result "0-1"]
[WhiteElo "2220"]
[BlackElo "2308"]
[PlyCount "79"]
[EventDate "2018.??.??"]
[WhiteTeam "SK Kupele Piestany"]
[BlackTeam "SK Slovan Bratislava E"]

1. c4 e5 2. Nc3 Nf6 3. Nf3 Nc6 4. e3 Bb4 5. Qc2 O-O 6. Nd5 Bc5 7. Bd3 h6 8. a3
a5 9. b3 d6 10. Nxf6+ Qxf6 11. Bb2 Qe7 12. Bh7+ Kh8 13. Bf5 Bxf5 14. Qxf5 e4
15. Nd4 Bxd4 16. exd4 Qh4 17. h3 Ne7 18. Qg4 Ng6 19. g3 Qe7 20. O-O d5 21. cxd5
Ra6 22. Qf5 Rf6 23. Qh5 Rb6 24. d6 Qxd6 25. Bc3 Rxb3 26. Qxa5 Qd7 27. Kh2 Rb5
28. Qa4 c6 29. Qd1 Rg5 30. d3 exd3 31. Qxd3 Rh5 32. h4 Nxh4 33. gxh4 Rxh4+ 34.
Kg2 Qd5+ 35. f3 Qg5+ 36. Kf2 Rh2+ 37. Ke1 Re8+ 38. Kd1 Re3 39. Qc4 Qg2 40. Rc1
0-1

[Event "SR 2. liga A 2018/2019"]
[Site "?"]
[Date "2019.03.03"]
[Round "9.2"]
[White "Jancovic, Peter"]
[Black "Nemsak, Denis"]
[Result "1-0"]
[WhiteElo "2289"]
[BlackElo "2027"]
[PlyCount "51"]
[EventDate "2018.??.??"]
[WhiteTeam "SK Slovan Bratislava E"]
[BlackTeam "SK Kupele Piestany"]

1. d4 f5 2. Nf3 Nf6 3. g3 g6 4. Bg2 Bg7 5. O-O O-O 6. c4 d6 7. Nc3 Qe8 8. Qc2
Nc6 9. Nd5 Nxd5 10. cxd5 Nxd4 11. Nxd4 Bxd4 12. Qxc7 Bd7 13. Bh6 Qd8 14. Rac1
Bc5 15. Rxc5 dxc5 16. Qxc5 Rf7 17. Be3 b6 18. Qd4 Rc8 19. Bd2 Bb5 20. Bc3 Rf6
21. Qb4 Bxe2 22. Bxf6 Bxf1 23. Bxe7 Qd7 24. Bxf1 Qxd5 25. Bg5 Rc5 26. Qa4 1-0

[Event "SR 2. liga A 2018/2019"]
[Site "?"]
[Date "2019.03.03"]
[Round "9.3"]
[White "Mihalik, Marek"]
[Black "Privara, Igor"]
[Result "0-1"]
[WhiteElo "1980"]
[BlackElo "2190"]
[PlyCount "106"]
[EventDate "2018.??.??"]
[WhiteTeam "SK Kupele Piestany"]
[BlackTeam "SK Slovan Bratislava E"]

1. d4 d5 2. c4 e6 3. Nc3 c5 4. cxd5 exd5 5. Nf3 Nc6 6. g3 Nf6 7. Bg2 Be7 8. O-O
O-O 9. Bg5 c4 10. Re1 h6 11. Bf4 Be6 12. Ne5 Qb6 13. Na4 Qa5 14. b3 Nxe5 15.
dxe5 Ne4 16. bxc4 Bb4 17. Rf1 Rfd8 18. Nb2 dxc4 19. Qc2 Nd2 20. Rfd1 c3 21. Nd3
Rac8 22. Bxb7 Rb8 23. Bg2 Bf5 24. a3 Bxd3 25. exd3 Be7 26. Bxd2 cxd2 27. Qxd2
Qxe5 28. d4 Qf6 29. d5 Rb2 30. Qe3 Rc8 31. Qd4 Rxf2 32. Qxf6 Rxf6 33. Rd2 Rc3
34. a4 Bc5+ 35. Kh1 Ra6 36. Re2 Kf8 37. Re4 Rc2 38. Rae1 g6 39. Rf4 Rb6 40. Be4
Rc4 41. a5 Rbb4 42. Bf3 Rxf4 43. gxf4 Rxf4 44. Kg2 Ra4 45. Rd1 Bd6 46. Rd2 Rxa5
47. h3 Ra3 48. Rc2 a5 49. Rc4 a4 50. Rc6 Ke7 51. Ra6 Ra2+ 52. Kf1 a3 53. Be2
Rc2 0-1